<?xml version="1.0" encoding="UTF-8"?>
<collection xmlns="http://www.loc.gov/MARC21/slim">
 <record>
  <leader>01583nam a2200241Ia 4500</leader>
  <controlfield tag="001">CTU_160755</controlfield>
  <controlfield tag="008">210402s9999    xx            000 0 und d</controlfield>
  <datafield tag="020" ind1=" " ind2=" ">
   <subfield code="c">52000</subfield>
  </datafield>
  <datafield tag="082" ind1=" " ind2=" ">
   <subfield code="a">813.52</subfield>
  </datafield>
  <datafield tag="082" ind1=" " ind2=" ">
   <subfield code="b">W553</subfield>
  </datafield>
  <datafield tag="100" ind1=" " ind2=" ">
   <subfield code="a">Wharton, Edith</subfield>
  </datafield>
  <datafield tag="245" ind1=" " ind2="0">
   <subfield code="a">Mùa hè :</subfield>
  </datafield>
  <datafield tag="245" ind1=" " ind2="0">
   <subfield code="b">Tiểu thuyết = Summer</subfield>
  </datafield>
  <datafield tag="245" ind1=" " ind2="0">
   <subfield code="c">Edith Wharton ; Crimson Mai dịch</subfield>
  </datafield>
  <datafield tag="260" ind1=" " ind2=" ">
   <subfield code="a">Hà Nội</subfield>
  </datafield>
  <datafield tag="260" ind1=" " ind2=" ">
   <subfield code="b">Lao động</subfield>
  </datafield>
  <datafield tag="260" ind1=" " ind2=" ">
   <subfield code="c">2010</subfield>
  </datafield>
  <datafield tag="520" ind1=" " ind2=" ">
   <subfield code="a">Xuất thân từ một cộng đồng biệt lập bị người đời khinh ghét, Charity Royall luôn mang trong mình nỗi mặc cảm với mọi người xung quanh. Nàng không mở lòng với ai và luôn cảm thấy cuộc sống của mình thật vô vị, tẻ nhạt, cho đến mùa hè năm ấy, khi cuộc chạm trán tình cờ với chàng trai thành thị Lucius Harney đem đến cho nàng một mối tình lãng mạn, say đắm. Lần đầu tiên, Charity lần lượt nếm trải những dư vị ngọt ngào cũng như cay đắng của tình yêu, và cuộc đời nàng từ đó hoàn toàn thay đổi...</subfield>
  </datafield>
  <datafield tag="650" ind1=" " ind2=" ">
   <subfield code="a">Older women,Phụ nữ,Authors, American,Tác giả, Người Mỹ,Novelists, American,Tiểu thuyết gia, Người Mỹ,Fantasy fiction,Tiểu thuyết</subfield>
  </datafield>
  <datafield tag="650" ind1=" " ind2=" ">
   <subfield code="x">Authorship,Tác giả</subfield>
  </datafield>
  <datafield tag="650" ind1=" " ind2=" ">
   <subfield code="y">20th century,Thế kỷ 20</subfield>
  </datafield>
  <datafield tag="904" ind1=" " ind2=" ">
   <subfield code="i">Linh Cát, Trọng Hiếu</subfield>
  </datafield>
  <datafield tag="980" ind1=" " ind2=" ">
   <subfield code="a">Trung tâm Học liệu Trường Đại học Cần Thơ</subfield>
  </datafield>
 </record>
</collection>
